Statistics for U.S. Citizenship Test Questions

Click here to take the quiz!

General Stats

  • This quiz has been taken 75,932 times
  • The average score is 15 of 24

Answer Stats

Question Answer % Correct
What is the capital of the United States?Washington D.C.
100%
Major political partyDemocratic
89%
Major political partyRepublican
89%
First amendment freedomSpeech
81%
What is the name of the national anthem?The Star-Spangled Banner
81%
Part of the U.S. CongressSenate
78%
What territory did the United States buy from France in 1803?Louisiana Territory
76%
Who wrote the Declaration of Independence?Thomas Jefferson
75%
Branch of the U.S. governmentJudicial
71%
Part of the U.S. CongressHouse of Representatives
69%
What are the first three words of the Constitution?We The People
68%
Branch of the U.S. governmentExecutive
67%
What do we call the first ten amendments to the Constitution?The Bill of Rights
66%
Branch of the U.S. governmentLegislative
66%
First amendment freedomReligion
59%
If both the President and the Vice President can no longer serve, who becomes President?Speaker of the House
54%
What must all men register for at age 18?Selective Service
52%
Who was president from WWI?Woodrow Wilson
49%
First amendment freedomPress
45%
First amendment freedomAssembly
33%
Federalist Paper authorAlexander Hamilton
28%
Federalist Paper authorJames Madison
28%
First amendment freedomPetition the Government
15%
Federalist Paper authorJohn Jay
14%

Score Distribution

Percentile by Number Answered

Percent of People with Each Score

Your Score History

You have not taken this quiz